| 000 | 00646nam a2200241 a 4500 | ||
|---|---|---|---|
| 999 |
_c4511 _d4511 |
||
| 001 | 4511 | ||
| 003 | BD-JhCC | ||
| 005 | 20171128173055.0 | ||
| 008 | 171128s1986 n a|||| || | 000 0 eng d | ||
| 035 | _a(BD-JhCC)4511 | ||
| 040 |
_aBD-JhCC _dBD-JhCC |
||
| 041 | _aeng | ||
| 082 |
_a823.914 _bROB 1986 |
||
| 100 | _aRobinett, F. Ralph | ||
| 245 |
_aAll Systems Go ! / _c F. Ralph Robinett, W. Paul Bell, M. Pauline Rojas, |
||
| 260 |
_aNew York : _bD. C. Heath and Company, _c1986 |
||
| 300 |
_a47 p. : _c23 cm. |
||
| 650 | _aShort Stories | ||
| 700 | _aBell, W. Paul | ||
| 700 | _aRojas, M. Pauline | ||
| 942 |
_2ddc _cBK |
||